NFL Top 100 Players of 2018 - Statistics

General Stats
  • This quiz has been taken 73 times
  • The average score is 65 of 100
Answer Stats
Ranking Team Position Answer % Correct
2. Steelers WR Antonio Brown
100%
3. Eagles QB Carson Wentz
100%
4. Falcons WR Julio Jones
100%
1. Patriots QB Tom Brady
100%
10. Packers QB Aaron Rodgers
98%
28. Cardinals DE Chandler Jones
98%
8. Saints QB Drew Brees
98%
11. Seahawks QB Russell Wilson
98%
7. Rams DT Aaron Donald
96%
13. Texans WR DeAndre Hopkins
92%
6. Rams RB Todd Gurley
92%
9. Broncos LB Von Miller
92%
5. Steelers RB Le'Veon Bell
90%
15. Patriots TE Rob Gronkowski
90%
18. Steelers QB Ben Roethlisberger
88%
17. Rams CB Jalen Ramsey
88%
31. Lions QB Matthew Stafford
88%
20. Saints RB Alvin Kamara
86%
12. Panthers LB Luke Kuechly
86%
29. Falcons QB Matt Ryan
86%
24. Chiefs TE Travis Kelce
86%
25. Panthers QB Cam Newton
84%
22. Bengals WR A.J. Green
82%
42. Seahawks S Earl Thomas
82%
38. Rams QB Jared Goff
82%
94. Redskins QB Kirk Cousins
82%
81. Saints WR Michael Thomas
82%
46. Vikings S Harrison Smith
80%
84. Texans DE J.J. Watt
80%
33. Chiefs RB Kareem Hunt
80%
41. Chargers WR Keenan Allen
80%
79. Chiefs CB Marcus Peters
80%
67. Jaguars LB Telvin Smith
80%
39. Cowboys OT Tyron Smith
80%
21. Seahawks LB Bobby Wagner
78%
45. Packers WR Davante Adams
78%
23. Cardinals CB Patrick Peterson
78%
65. Vikings WR Stefon Diggs
78%
50. Texans QB Deshaun Watson
76%
16. Raiders LB Khalil Mack
76%
27. Cardinals WR Larry Fitzgerald
76%
54. Cowboys RB Ezekiel Elliott
73%
40. Chiefs WR Tyreek Hill
73%
48. Steelers DT Cameron Heyward
71%
26. Saints DE Cameron Jordan
71%
59. Chargers CB Casey Hayward
71%
60. Raiders QB Derek Carr
71%
77. Giants WR Odell Beckham Jr.
71%
56. Chargers QB Philip Rivers
71%
71. Cowboys OG Zack Martin
71%
36. Vikings WR Adam Thielen
69%
37. Chargers DE Joey Bosa
69%
64. Seahawks CB Richard Sherman
69%
68. Eagles TE Zach Ertz
69%
69. Eagles DT Fletcher Cox
67%
57. Redskins OT Trent Williams
67%
34. Cowboys DE DeMarcus Lawrence
65%
75. Seahawks S Kam Chancellor
65%
82. Saints CB Marshon Lattimore
65%
14. Jaguars DE Calais Campbell
63%
90. 49ers QB Jimmy Garoppolo
63%
30. Bills RB LeSean McCoy
63%
43. Saints RB Mark Ingram
59%
86. Broncos CB Chris Harris Jr.
55%
49. Lions CB Darius Slay
55%
95. Eagles OT Lane Johnson
55%
76. Chargers DE Melvin Ingram
55%
52. Dolphins WR Jarvis Landry
53%
89. Saints TE Jimmy Graham
53%
58. Jaguars RB Leonard Fournette
53%
97. 49ers RB Carlos Hyde
51%
72. Titans TE Delanie Walker
51%
32. Texans DE Jadeveon Clowney
51%
62. Bills S Micah Hyde
51%
70. Falcons RB Devonta Freeman
49%
73. Panthers LB Thomas Davis
49%
51. Vikings QB Case Keenum
47%
80. Titans S Kevin Byard
47%
87. Rams OT Andrew Whitworth
45%
99. Seahawks WR Doug Baldwin
45%
63. Bengals DT Geno Atkins
45%
61. Dolphins DT Ndamukong Suh
43%
53. Broncos CB Aqib Talib
41%
55. Vikings CB Xavier Rhodes
41%
19. Vikings DE Everson Griffen
39%
35. Jaguars CB A.J. Bouye
37%
47. Steelers LB Ryan Shazier
33%
78. Titans OT Taylor Lewan
33%
96. Eagles S Malcolm Jenkins
31%
74. Dolphins DE Cameron Wake
29%
100. Packers S Ha Ha Clinton-Dix
29%
91. Packers OT David Bakhtiari
27%
44. Steelers OG David DeCastro
24%
66. Titans DT Jurrell Casey
22%
92. Giants S Landon Collins
22%
98. Ravens LB C.J. Mosley
20%
83. Vikings DT Linval Joseph
14%
93. Packers DE Mike Daniels
14%
88. Jaguars DE Yannick Ngakoue
12%
85. Raiders DE Bruce Irvin
6%
No matching quizzes found
Score Distribution
Percent of People with Each Score
Percentile by Number Answered
Your Score History
You have not taken this quiz